000
00286cam a22000977a 4500
008
180718b1962 xxu||||| |||| 00| 0 eng d
082
_a
L2703x5421 Ut8m
245
_a
The Uttar Pradesh sales tax manual
260
_a
Allahabad
_b
Superintendent, Printing and Stationery
_c
1962
300
_a
99p.
999
_c
500387
_d
500387